| 000 | 01099nam a2200217Ia 4500 | ||
|---|---|---|---|
| 003 | Ost | ||
| 005 | 20260507075434.0 | ||
| 008 | 260507s9999||||xx |||||||||||||| ||und|| | ||
| 040 | _cfsecg | ||
| 041 | _aara | ||
| 082 | _a658.8 | ||
| 100 |
_aعزام، زكريا _eمؤلف |
||
| 245 | 0 |
_aمبادئ التسويق الحديث : _bبين النظرية والتطبيق / _c زكريا عزام |
|
| 260 |
_aعمان: _bدار المسيرة, _c2008 |
||
| 300 |
_a434 صفحة؛ _bإيضاحات ؛ _c24 سم |
||
| 504 | _aببليوغرافيا: ص.432-433 | ||
| 520 | _aيضم مقدمة في التسويق، البيئة التسويقية، تجزئة/تقييم السوق، سلوك المستهلك، المعلومات والبحوث التسويقية، سياسات وقرارات السلع، تطوير السلع الجديدة، تسويق الخدمات، التسعير، التوزيع، الترويج، التسويق الالكتروني والتجارة الالكترونية | ||
| 653 | _aادارة المبيعات | ||
| 653 | _aالتسويق | ||
| 942 | _cكتاب | ||
| 999 |
_c44531 _d44531 |
||